Powiaty województwa łódzkiego z mapą - Statystyki

Ogólne statystyki
  • Ten quiz został rozwiązany 4 670 razy
  • Średni wynik to 16 z 24
Odpowiedzi na mapie
Odpowiedzi zakodowano w zielono-czerwonej skali na mapie do tego quizu, zgodnie z poniższymi procentami.
 
Statystyki odpowiedzi
Powiat % Poprawnych
miasto {Łódź}
98%
Piotrkowski
87%
Skierniewicki
81%
Bełchatowski
78%
Pabianicki
77%
Zgierski
74%
Sieradzki
72%
miasto {Piotrków Trybunalski}
71%
Tomaszowski
71%
Kutnowski
70%
Łowicki
70%
Łódzki wschodni
69%
Wieluński
69%
miasto {Skierniewice}
68%
Radomszczański
64%
Zduńskowolski
61%
Łęczycki
60%
Rawski
60%
Łaski
58%
Pajęczański
56%
Brzeziński
55%
Opoczyński
53%
Poddębicki
53%
Wieruszowski
51%
Nie znaleziono quizów pasujących do podanych kryteriów
Rozkład punktacji
Procent ludzi z każdym wynikiem
Percentyl według liczby udzielonych odpowiedzi
Twoja historia wyników
Nie rozwiązałeś tego quizu